[Event "Wch U20"]
[Site "Baguio City"]
[Date "1987.??.??"]
[Round "?"]
[White "Anand, Viswanathan"]
[Black "Blatny, Pavel"]
[Result "1-0"]
[WhiteElo "2505"]
[BlackElo "2435"]
[Annotator "Narayanan,Srinath"]
[PlyCount "121"]
[EventDate "1987.07.??"]
[EventType "swiss"]
[EventRounds "13"]
[EventCountry "PHI"]
[SourceTitle "EXT 1997"]
[Source "ChessBase"]
[SourceDate "1996.11.15"]
[SourceVersion "1"]
[SourceVersionDate "1996.11.15"]
[SourceQuality "1"]

1. e4 g6 2. d4 Bg7 3. Nc3 c6 4. f4 d5 5. e5 h5 6. Nf3 Nh6 7. Be3 Bg4 8. Bd3 Nf5
9. Bf2 e6 10. h3 Bxf3 11. Qxf3 Nh4 12. Qg3 Nf5 13. Qf3 Nh4 14. Bxh4 Qxh4+ 15.
g3 Qe7 16. g4 $2 (16. O-O-O $142 Nd7 17. g4 O-O-O 18. Kb1 Kb8 19. Ne2 c5 20. c3
cxd4 21. cxd4 $14) 16... Nd7 $2 (16... hxg4 17. Qxg4 (17. hxg4 Rxh1+ 18. Qxh1
Qb4 19. Qh7 Kf8 $1 $15) 17... Qh4+ 18. Kd2 Nd7 19. Raf1 O-O-O 20. Kc1 Kb8 $11)
17. O-O-O O-O-O 18. Ne2 Kb8 19. f5 gxf5 20. gxf5 f6 21. fxe6 fxe5 22. exd7 e4
23. Qg3+ Ka8 24. Kb1 Rxd7 25. Nf4 exd3 26. Qxd3 Qe4 27. Qxe4 dxe4 {The
position is even and most likely heading towards a draw.} 28. Rhe1 Re8 $2 (
28... Rxd4 $142 29. Rxd4 Bxd4 30. Rxe4 Bc5 {The bishop on d6 neutralises the
knight on f4} 31. c3 (31. Re5 Bd6 32. Rxh5 {doesn't work because of} Rf8) 31...
Bd6 32. Ne6 Kb8 $11) 29. Nxh5 e3 30. c3 Rf7 31. Nxg7 Rxg7 32. Re2 Rg3 33. Rh1
Rf8 34. Kc2 Rff3 35. Reh2 {it's important to protect the important h pawn.
White has an important extra pawn, but with accurate play Black holds without
assistance from opponent.} (35. Kd3 Rxh3 36. Rxh3 Rxh3 37. Rxe3 Rh8 {is much
easier for Black to defend against.}) 35... Rf2+ 36. Kd3 Kb8 37. h4 e2+ 38. Kd2
Rg1 39. Rxg1 Rxh2 40. Rg8+ Kc7 41. Rh8 e1=Q+ 42. Kxe1 Rxb2 43. h5 (43. a4 Rc2
44. h5 Rxc3 45. Kf2 Rh3 46. Kg2 Rh4 47. Kg3 Rxd4 $11) 43... Rxa2 44. h6 Rh2 45.
h7 Kb6 (45... a5 {would've been much simpler} 46. c4 a4 47. d5 cxd5 48. cxd5 a3
49. d6+ Kd7 {And White is just short by one tempo for the typical Rb8 idea.})
46. c4 Rh4 $2 (46... Rh6 {leads to an almost study like draw} 47. d5 Kc5 48. d6
Re6+ 49. Kf2 Rf6+ 50. Kg3 Rf7 {Black just has to play Rd7 when White's king is
on the fifth rank to ensure a draw - Kg6 should be met with Rxd6+} 51. Kg4 a5
52. Kg5 Rd7 $11) 47. d5 cxd5 48. cxd5 Re4+ 49. Kd2 Re7 50. d6 $2 (50. Kd3 $142
a5 (50... Kb5 51. d6 Rd7 52. Ke4 $18) 51. d6 Rd7 52. Kc4 $1 {important move
gaining a tempo} Rg7 (52... a4 53. Kb4 $18) 53. Kd5 a4 54. Ke6 $18) 50... Rg7
$2 (50... Rd7 $142 51. Kc3 (51. Ke3 a5 52. Kf4 a4 53. Ke5 a3 54. Ke6 a2 $11)
51... Kb5 {the difference! the Kd4 tempo}) 51. Kc3 a5 52. Kc4 a4 53. Kb4 a3 54.
Kxa3 Kb5 55. Kb3 {The rest is a matter of technique. White simply has to lose
a move} Rf7 56. Kc2 Rd7 57. Kc3 b6 58. Kb3 Rg7 59. Kc2 Rf7 60. Kd3 Rd7 61. Ke4
1-0

[Event "Wch U20"]
[Site "Baguio City"]
[Date "1987.??.??"]
[Round "?"]
[White "Anand, Viswanathan"]
[Black "Butt, Sabih Alam"]
[Result "1-0"]
[WhiteElo "2505"]
[BlackElo "2330"]
[PlyCount "83"]
[EventDate "1987.07.??"]
[EventType "swiss"]
[EventRounds "13"]
[EventCountry "PHI"]
[SourceTitle "EXT 1997"]
[Source "ChessBase"]
[SourceDate "1996.11.15"]
[SourceVersion "1"]
[SourceVersionDate "1996.11.15"]
[SourceQuality "1"]

1. Nf3 c5 2. e4 e6 3. d4 cxd4 4. Nxd4 Nf6 5. Nc3 d6 6. g4 h6 7. h4 Nc6 8. Rg1
Nxd4 9. Qxd4 e5 10. Qd1 Be6 11. Qf3 Be7 12. g5 hxg5 13. hxg5 Nd7 14. g6 Bf6 15.
Bd2 a6 16. O-O-O Qc7 17. Nd5 Bxd5 18. exd5 fxg6 19. Qg4 O-O-O 20. Qxg6 Kb8 21.
Rg4 Rc8 22. Rc4 Qd8 23. Rxc8+ Qxc8 24. Kb1 Nc5 25. Be3 Rh4 26. c3 Rg4 27. Qc2
Rg1 28. Be2 Rxd1+ 29. Bxd1 Qh3 30. b4 Nd7 31. Qe4 Nf8 32. Bg4 Qh7 33. Bf5 g6
34. Bg4 g5 35. Qxh7 Nxh7 36. Bf5 Nf8 37. Bb6 g4 38. c4 Bh4 39. a4 Ka8 40. a5
Kb8 41. c5 Bxf2 42. c6 1-0

[Event "Wch U20"]
[Site "Baguio City"]
[Date "1987.??.??"]
[Round "?"]
[White "Anand, Viswanathan"]
[Black "Ninov, Kiril"]
[Result "1-0"]
[WhiteElo "2505"]
[BlackElo "2425"]
[PlyCount "49"]
[EventDate "1987.07.??"]
[EventType "swiss"]
[EventRounds "13"]
[EventCountry "PHI"]
[SourceTitle "EXT 1997"]
[Source "ChessBase"]
[SourceDate "1996.11.15"]
[SourceVersion "1"]
[SourceVersionDate "1996.11.15"]
[SourceQuality "1"]

1. e4 c5 2. Nf3 e6 3. d4 cxd4 4. Nxd4 a6 5. Bd3 Bc5 6. Nb3 Ba7 7. Nc3 Nc6 8.
Qe2 d6 9. Be3 Bxe3 10. Qxe3 Nf6 11. g4 b5 12. O-O-O O-O 13. g5 Ne8 14. f4 b4
15. Ne2 a5 16. Nbd4 Nxd4 17. Nxd4 Qb6 18. e5 Bb7 19. Rhf1 dxe5 20. fxe5 Rd8 21.
Bxh7+ Kxh7 22. g6+ Kg8 23. Qh3 Nf6 24. exf6 gxf6 25. g7 1-0

[Event "Wch U20"]
[Site "Baguio City"]
[Date "1987.??.??"]
[Round "?"]
[White "Ballmann, Martin"]
[Black "Anand, Viswanathan"]
[Result "1/2-1/2"]
[WhiteElo "2290"]
[BlackElo "2505"]
[PlyCount "81"]
[EventDate "1987.07.??"]
[EventType "swiss"]
[EventRounds "13"]
[EventCountry "PHI"]
[SourceTitle "EXT 1997"]
[Source "ChessBase"]
[SourceDate "1996.11.15"]
[SourceVersion "1"]
[SourceVersionDate "1996.11.15"]
[SourceQuality "1"]

1. c4 Nf6 2. Nc3 d6 3. g3 g6 4. Bg2 Bg7 5. d3 O-O 6. Rb1 c6 7. e4 e5 8. Nge2 a6
9. O-O b5 10. cxb5 axb5 11. b4 Nbd7 12. d4 Nb6 13. Bg5 h6 14. Bxf6 Bxf6 15. d5
Bd7 16. dxc6 Bxc6 17. Qd3 Ra3 18. Rb3 Rxb3 19. axb3 Qd7 20. Nd5 Nxd5 21. exd5
Bb7 22. Nc3 Ba6 23. Ra1 Bc8 24. Ra2 Qe7 25. Qxb5 Bf5 26. Ne4 Bxe4 27. Bxe4 Bg7
28. Qc6 f5 29. Bg2 e4 30. Ra8 Bd4 31. Rxf8+ Kxf8 32. Kf1 Qa7 33. Qc2 Qa1+ 34.
Ke2 Qg1 35. Qc8+ Kg7 36. Qd7+ Kh8 37. Qe8+ Kh7 38. Qe7+ Bg7 39. Bf1 Qh1 40. Ke1
h5 41. h4 1/2-1/2

[Event "Wch U20"]
[Site "Baguio City"]
[Date "1987.??.??"]
[Round "?"]
[White "Gdanski, Jacek"]
[Black "Anand, Viswanathan"]
[Result "0-1"]
[WhiteElo "2400"]
[BlackElo "2505"]
[PlyCount "121"]
[EventDate "1987.07.??"]
[EventType "swiss"]
[EventRounds "13"]
[EventCountry "PHI"]
[SourceTitle "EXT 1997"]
[Source "ChessBase"]
[SourceDate "1996.11.15"]
[SourceVersion "1"]
[SourceVersionDate "1996.11.15"]
[SourceQuality "1"]

1. e4 e5 2. Nf3 Nc6 3. Bb5 a6 4. Bxc6 dxc6 5. O-O f6 6. d4 Bg4 7. dxe5 Qxd1 8.
Rxd1 fxe5 9. Rd3 Bd6 10. Bg5 Nf6 11. Nbd2 O-O 12. Bxf6 gxf6 13. Nh4 Be6 14. Nf5
Bc5 15. Nb3 Bb6 16. Rad1 c5 17. Nc1 c4 18. R3d2 Bc5 19. Ne2 b5 20. Neg3 Kf7 21.
h4 c6 22. Nh5 Ra7 23. Nhg7 Bc8 24. Rd8 Rc7 25. g4 b4 26. Nh5 Be6 27. Nhg7 Bc8
28. Nh5 Be6 29. Kf1 Rxd8 30. Rxd8 Rc8 31. Rd1 Bf8 32. Ke2 b3 33. axb3 cxb3 34.
c3 a5 35. g5 fxg5 36. hxg5 a4 37. Nf6 a3 38. Ng4 Kg6 39. Nxe5+ Kxg5 40. Nd4 Kf6
41. Nxe6 Kxe6 42. Nf3 a2 43. Nd4+ Kf7 44. Ra1 Rb8 45. Nxc6 Ra8 46. Kd3 Ra6 47.
Ne5+ Ke6 48. Nf3 Ba3 49. Nd4+ Ke5 50. Nxb3 Bxb2 51. Rh1 Ra3 52. Na1 Rxc3+ 53.
Kd2 Bxa1 54. Rxa1 Ra3 55. Kc2 h5 56. Kb2 Ra8 57. f4+ Kxe4 58. Re1+ Kxf4 59. Ka1
h4 60. Re7 Rh8 61. Kxa2 0-1

[Event "Wch U20"]
[Site "Baguio City"]
[Date "1987.??.??"]
[Round "?"]
[White "Serper, Grigory"]
[Black "Anand, Viswanathan"]
[Result "1/2-1/2"]
[WhiteElo "2435"]
[BlackElo "2505"]
[PlyCount "49"]
[EventDate "1987.07.??"]
[EventType "swiss"]
[EventRounds "13"]
[EventCountry "PHI"]
[SourceTitle "EXT 1997"]
[Source "ChessBase"]
[SourceDate "1996.11.15"]
[SourceVersion "1"]
[SourceVersionDate "1996.11.15"]
[SourceQuality "1"]

1. e4 e5 2. Nf3 Nc6 3. Bb5 a6 4. Ba4 Nf6 5. d3 d6 6. c3 Be7 7. O-O O-O 8. Re1
b5 9. Bb3 Nb8 10. Nbd2 Nbd7 11. Nf1 Nc5 12. Bc2 Re8 13. b4 Ncd7 14. Bb3 Bf8 15.
a4 Bb7 16. Ng5 Re7 17. Ne3 g6 18. Ng4 Bg7 19. Nxf6+ Nxf6 20. axb5 axb5 21. Rxa8
Qxa8 22. c4 bxc4 23. Bxc4 d5 24. exd5 Bxd5 25. Ne4 1/2-1/2

[Event "Asia-chT final 8th"]
[Site "Genting Highlands"]
[Date "1989.07.22"]
[Round "4"]
[White "Adianto, Utut"]
[Black "Anand, Viswanathan"]
[Result "0-1"]
[WhiteElo "2525"]
[BlackElo "2555"]
[PlyCount "54"]
[EventDate "1989.07.19"]
[EventType "team-swiss"]
[EventRounds "9"]
[EventCountry "MAS"]
[SourceTitle "EXT 2020"]
[Source "ChessBase"]
[SourceDate "2019.10.17"]
[SourceVersion "1"]
[SourceVersionDate "2019.10.17"]
[SourceQuality "1"]
[WhiteTeam "Indonesia"]
[BlackTeam "India"]
[WhiteTeamCountry "INA"]
[BlackTeamCountry "IND"]

1. d4 d5 2. c4 dxc4 3. e4 Nf6 4. e5 Nd5 5. Bxc4 Nb6 6. Bb3 Nc6 7. Ne2 Bf5 8.
Nbc3 e6 9. O-O Be7 10. Be3 Na5 11. Bc2 Bg6 12. Be4 O-O 13. Qc2 Nac4 14. Nf4 c5
15. Rad1 Bxe4 16. Nxe4 Nxe3 17. fxe3 cxd4 18. Rxd4 (18. Nh5 $1 {Utut Adianto
missed a chance to pressure Anand with this move.}) 18... Qb8 19. Nd3 Nd5 20.
Qe2 Qc7 21. Qh5 Rad8 22. Rf3 Qb6 23. Rh3 h6 24. Ndf2 Nf4 25. Nf6+ Bxf6 26. Rxf4
Bg5 27. Rg4 Qxb2 0-1

[Event "Groningen"]
[Site "Groningen"]
[Date "1989.??.??"]
[Round "?"]
[White "Hellers, Ferdinand"]
[Black "Anand, Viswanathan"]
[Result "1/2-1/2"]
[WhiteElo "2560"]
[BlackElo "2555"]
[Annotator "Schussler,H"]
[PlyCount "74"]
[EventDate "1989.12.??"]
[EventType "tourn"]
[EventRounds "9"]
[EventCountry "NED"]
[EventCategory "11"]
[SourceTitle "CBM 016"]
[Source "ChessBase"]
[SourceDate "1990.06.01"]
[SourceVersion "1"]
[SourceVersionDate "1990.06.01"]
[SourceQuality "1"]

1. e4 e5 2. Nf3 Nc6 3. Bb5 Nf6 4. O-O Nxe4 5. d4 Be7 6. Qe2 Nd6 7. Bxc6 bxc6 8.
dxe5 Nb7 9. Nc3 O-O 10. Re1 Nc5 (10... Re8 11. Qc4 Nc5 12. Bg5 {
Hübner-Spasskij, Venice (m1) 1989.}) 11. Be3 Ne6 12. Rad1 {White delays Nf3-d4
so that Black cannot answer this with Ne6xd4 followed by c5 and d5. In the
game he can only play d5.} d5 13. exd6 cxd6 14. Nd4 Nxd4 15. Bxd4 Re8 16. Qf3
d5 17. Na4 {The control of c5 gives White a slight advantage.} Bf8 18. Bc5
Rxe1+ 19. Rxe1 Qa5 20. b4 Qd8 {If 20. - Qxa4 then 21. Re8 Bb7 22. Qe2.} 21.
Bxf8 Qxf8 22. Qc3 Bd7 23. a3 h6 24. f3 Qd8 25. Nc5 a5 26. bxa5 Bf5 27. Nb3 Qd6
28. Qb4 c5 29. Nxc5 Rb8 30. Qd4 Rb5 31. a6 Rxc5 32. Re8+ Kh7 33. a7 Rc4 34. Qf2
Rxc2 35. a8=Q Rxf2 36. Kxf2 Qc5+ 37. Kg3 Qc7+ 1/2-1/2

[Event "Prestwich"]
[Site "Prestwich"]
[Date "1990.??.??"]
[Round "2"]
[White "Anand, Viswanathan"]
[Black "Quillan, Gary"]
[Result "1-0"]
[WhiteElo "2555"]
[BlackElo "2295"]
[Annotator "Knaak,R"]
[PlyCount "77"]
[EventDate "1990.??.??"]
[EventType "tourn"]
[EventRounds "9"]
[EventCountry "ENG"]
[SourceTitle "CBM 018"]
[Source "ChessBase"]
[SourceDate "1990.10.01"]
[SourceVersion "1"]
[SourceVersionDate "1990.10.01"]
[SourceQuality "1"]

1. e4 e6 2. d4 d5 3. Nc3 Bb4 4. e5 c5 5. a3 Bxc3+ 6. bxc3 Ne7 7. Nf3 b6 8. Bb5+
Bd7 9. Bd3 Ba4 10. h4 h6 11. h5 c4 $6 (11... Qc7 $1) 12. Bf1 Nbc6 13. g3 Kd7
14. Bh3 Qg8 15. O-O Qh7 16. Ra2 g6 (16... a5 17. Nh4 $14 {Dolmatov-Hertneck/
Lugano/1986/i41/354}) 17. hxg6 (17. Nh2 $1 gxh5 18. Qxh5 Bxc2 19. Ng4 $40 {
Dolmatov}) 17... fxg6 18. Nh2 Qf7 19. Ng4 Ng8 20. Be3 $14 Kc7 21. Bg2 Rf8 22.
Rb2 Qe7 23. Qd2 Qg7 24. Qe2 Qe7 25. Ra1 g5 26. Bd2 Qf7 27. Rf1 Nge7 28. Ne3 Qg6
29. Nxc4 dxc4 30. Be4 Qf7 31. Qxc4 b5 32. Qc5 Rd8 33. c4 Rxd4 34. Ba5+ Kd7 35.
cxb5 Rxe4 36. bxc6+ Nxc6 37. Qd6+ Ke8 38. Rb8+ Nxb8 39. Qd8# 1-0

[Event "Prestwich"]
[Site "Prestwich"]
[Date "1990.??.??"]
[Round "3"]
[White "Matveeva, Svetlana"]
[Black "Anand, Viswanathan"]
[Result "0-1"]
[WhiteElo "2360"]
[BlackElo "2555"]
[Annotator "Horn,Pe"]
[PlyCount "64"]
[EventDate "1990.??.??"]
[EventType "tourn"]
[EventRounds "9"]
[EventCountry "ENG"]
[SourceTitle "CBM 018"]
[Source "ChessBase"]
[SourceDate "1990.10.01"]
[SourceVersion "1"]
[SourceVersionDate "1990.10.01"]
[SourceQuality "1"]

1. Nf3 c5 2. g3 Nc6 3. Bg2 g6 4. O-O Bg7 5. e4 Nf6 6. d3 O-O 7. Nbd2 d5 8. Re1
b6 9. c3 e6 10. Nf1 $6 (10. a3 a5 11. e5 Nd7 12. d4 Bb7 13. Nf1 b5 14. h4 cxd4
15. cxd4 Qb6 16. b3 Rac8 17. Bg5 b4 18. a4 Ncb8 19. N1h2 Rc3 20. Bd2 Rc7 {
Quinteros-Zivkovic, Bar 1977} 21. h5 $16) 10... dxe4 11. dxe4 Qxd1 12. Rxd1 Ba6
13. Ng5 $6 (13. Ne1) 13... h6 14. Nh3 Rad8 15. Bf4 Ng4 16. Ne3 Nge5 17. Bf1 Bd3
18. Bxe5 Nxe5 19. Bxd3 Nxd3 20. Rab1 b5 21. Kf1 c4 22. Ke2 Nc5 23. f3 Rc8 24.
Rbc1 f5 25. Nf2 f4 26. gxf4 Rxf4 27. Rg1 g5 28. Rg4 Nd3 29. Nxd3 cxd3+ 30. Kxd3
Rxf3 31. Ke2 (31. Rf1) 31... Rcf8 32. Rf1 $4 Rxe3+ 0-1

[Event "Hoogovens"]
[Site "Wijk aan Zee"]
[Date "1990.01.??"]
[Round "11"]
[White "Anand, Viswanathan"]
[Black "Short, Nigel D"]
[Result "0-1"]
[WhiteElo "2555"]
[BlackElo "2635"]
[Annotator "Knaak,R"]
[PlyCount "104"]
[EventDate "1990.01.??"]
[EventType "tourn"]
[EventRounds "13"]
[EventCountry "NED"]
[EventCategory "13"]
[SourceTitle "CBM 017"]
[Source "ChessBase"]
[SourceDate "1990.08.01"]
[SourceVersion "1"]
[SourceVersionDate "1990.08.01"]
[SourceQuality "1"]

1. e4 e6 2. d4 d5 3. Nc3 Bb4 4. Qd3 Ne7 $1 {Anand,V (2555)-Van der Wiel,J 
(2550) Wijk Wijk aan Zee 1990 (4) 1-0 Das häufiger gespielte 4...dxe4 führt
oft zu Schwierigkeiten. Siehe auch} 5. Bd2 (5. Bg5 O-O 6. Nf3 Bxc3+ 7. bxc3 f6
8. Bd2 b6 9. Qe3 Bb7 10. Bd3 dxe4 11. Bxe4 Nf5 12. Qe2 Bxe4 13. Qxe4 Qd5 14.
Qxd5 exd5 $15 {Smirin-Vaganian/URS-chT/1988/TD XI}) (5. a3 Bxc3+ 6. bxc3 b6 7.
Qg3 O-O 8. Bf4 Na6 $1 $15 {8...La6 9.Lxc7+/- Borkowski-Teske, Polanica Zdroj
1988}) 5... b6 {Die Damenstellung auf d3 erweist sich als zweifelhaft, obwohl
Short nie La6 zieht.} 6. Be2 O-O 7. a3 Bxc3 8. Bxc3 a5 $15 9. Nf3 Nd7 10. exd5
exd5 11. O-O Nf6 12. Qd1 Ne4 13. Bd2 Re8 14. Re1 {Irgendwann sollte Weiß a3-a4
ziehen.} Ng6 15. Be3 a4 $17 16. Nd2 Nd6 17. Bf3 Be6 18. Nf1 Nh4 19. Bf4 Nc4 20.
Rb1 Qf6 21. Bxc7 Rac8 22. Bg3 Nxf3+ 23. Qxf3 Qxf3 24. gxf3 Bh3 25. Rxe8+ Rxe8
26. Bf4 Re2 27. Rc1 g6 28. Be3 Bf5 29. Ng3 Rxc2 30. Nxf5 (30. Rxc2 Bxc2 31. Bc1
Bd3 $1 $19) 30... Rxc1+ 31. Bxc1 gxf5 $19 32. Kf1 Kg7 33. Ke2 Kg6 34. Kd3 Na5
35. Bf4 b5 36. Bc7 Nc6 37. Ke3 Kg5 38. Bg3 Na5 {Zugzwang} 39. h4+ Kg6 40. Kd3
Kh5 {Zugzwang} 41. Ke3 Nc4+ 42. Kd3 Nxb2+ 43. Kc3 Nc4 44. Kb4 f4 45. Bxf4 Kxh4
46. Kxb5 Nxa3+ 47. Kxa4 Nc2 48. Be5 Kg5 49. Kb5 Kf5 50. Kc5 Ke6 51. Bg3 h5 52.
f4 f5 0-1

[Event "Far East Bank op"]
[Site "Manila"]
[Date "1990.05.29"]
[Round "2"]
[White "Anand, Viswanathan"]
[Black "Abriam, Luis"]
[Result "1-0"]
[WhiteElo "2555"]
[BlackElo "2106"]
[Annotator "Knaak,R"]
[PlyCount "61"]
[EventDate "1990.05.28"]
[EventType "swiss"]
[EventRounds "11"]
[EventCountry "PHI"]
[SourceTitle "EXT 2009"]
[Source "ChessBase"]
[SourceDate "2008.11.26"]
[SourceVersion "1"]
[SourceVersionDate "2008.11.26"]
[SourceQuality "1"]

{SCHACH 8-9/1990 Seite 35} 1. e4 c5 2. Nf3 Nc6 3. d4 cxd4 4. Nxd4 g6 5. c4 Bg7
6. Be3 Nf6 7. Nc3 O-O 8. Be2 d6 9. O-O Nxd4 10. Bxd4 Be6 11. Qd2 Rc8 12. b3 Qa5
13. Rad1 Rfe8 14. f4 a6 15. f5 Bd7 16. Qe3 Bc6 17. Kh1 b5 $2 18. b4 $1 Qxb4 19.
Rb1 Qa5 20. Bb6 Ng4 21. fxg6 $3 {Nur so!} ({Nach} 21. Bxg4 Qxc3 22. Qxc3 Bxc3
23. fxg6 hxg6 24. Bxc8 Rxc8 {hätte Schwarz keine Schwierigkeiten.}) 21... fxg6
(21... hxg6 22. Qf4 {ergäbe starken Angriff.} {Etwa} Qxb6 23. Qxf7+ Kh7 24.
Bxg4 Rf8 25. Qxe7) 22. Bxg4 Qxc3 23. Be6+ $1 {Wichtiges Zwischenschach} Kh8 24.
Qxc3 Bxc3 25. Bxc8 Rxc8 26. cxb5 axb5 (26... Bxb5 27. Rfc1 {mit tödlicher
Fesselung}) 27. Rfc1 b4 28. a3 $1 Rb8 (28... Ra8 29. axb4 Bxe4) 29. Rxc3 $1
Rxb6 30. Rxb4 Ra6 31. Rbc4 1-0

[Event "Far East Bank op"]
[Site "Manila"]
[Date "1990.06.01"]
[Round "5"]
[White "Murshed, Niaz"]
[Black "Anand, Viswanathan"]
[Result "1/2-1/2"]
[WhiteElo "2475"]
[BlackElo "2555"]
[PlyCount "49"]
[EventDate "1990.05.28"]
[EventType "swiss"]
[EventRounds "11"]
[EventCountry "PHI"]
[SourceTitle "EXT 2015"]
[Source "ChessBase"]
[SourceDate "2014.11.20"]
[SourceVersion "1"]
[SourceVersionDate "2014.11.20"]
[SourceQuality "1"]

1. d4 f5 2. g3 Nf6 3. Bg2 g6 4. c4 Bg7 5. Nf3 O-O 6. O-O d6 7. Nc3 Nc6 8. b3
Ne4 9. Bb2 Nxc3 10. Bxc3 e5 11. dxe5 dxe5 12. Qd5+ Kh8 13. Qxd8 Rxd8 14. Ng5
Re8 15. Bxc6 bxc6 16. Rad1 e4 17. Nf7+ Kg8 18. Bxg7 Kxf7 19. Bh6 a5 20. Bf4 Ra7
21. Be3 Ra8 22. Bc5 a4 23. b4 Be6 24. Rd4 Red8 25. Rc1 1/2-1/2

[Event "Far East Bank op"]
[Site "Manila"]
[Date "1990.06.08"]
[Round "11"]
[White "De Guzman, Ricardo"]
[Black "Anand, Viswanathan"]
[Result "1/2-1/2"]
[WhiteElo "2350"]
[BlackElo "2555"]
[PlyCount "47"]
[EventDate "1990.05.28"]
[EventType "swiss"]
[EventRounds "11"]
[EventCountry "PHI"]
[SourceTitle "EXT 2009"]
[Source "ChessBase"]
[SourceDate "2008.11.26"]
[SourceVersion "1"]
[SourceVersionDate "2008.11.26"]
[SourceQuality "1"]

1. e4 e5 2. Nf3 Nc6 3. Bb5 Nd4 4. Nxd4 exd4 5. O-O Bc5 6. Qh5 Qe7 7. d3 g6 8.
Qf3 c6 9. Bc4 d6 10. Qg3 h5 11. h4 Be6 12. Nd2 Nf6 13. Bxe6 Qxe6 14. Nb3 Bb6
15. Bf4 Rd8 16. Bg5 Rd7 17. Rae1 O-O 18. a4 a6 19. a5 Ba7 20. Bxf6 Qxf6 21. f4
Bb8 22. Qf2 Bc7 23. Ra1 c5 24. g3 1/2-1/2

[Event "Interzonal-15"]
[Site "Manila"]
[Date "1990.??.??"]
[Round "1"]
[White "Ivanovic, Bozidar"]
[Black "Anand, Viswanathan"]
[Result "1/2-1/2"]
[WhiteElo "2520"]
[BlackElo "2610"]
[Annotator "ChessBase"]
[PlyCount "65"]
[EventDate "1990.06.29"]
[EventType "swiss"]
[EventRounds "13"]
[EventCountry "PHI"]
[SourceTitle "CBM 019"]
[Source "ChessBase"]
[SourceDate "1990.12.01"]
[SourceVersion "1"]
[SourceVersionDate "1990.12.01"]
[SourceQuality "1"]

1. e4 e5 2. Bc4 Nf6 3. d3 Nc6 4. Nf3 Bc5 5. Nc3 d6 6. Bg5 h6 7. Bxf6 Qxf6 8.
Nd5 Qd8 9. c3 O-O $5 10. b4 Bb6 11. a4 a5 12. Nxb6 cxb6 13. bxa5 (13. b5 Ne7
$10) 13... Nxa5 14. Bd5 Qc7 15. c4 Bg4 $10 16. O-O Kh8 17. h3 Bxf3 18. Qxf3 Nb3
19. Ra2 Nc5 20. Qd1 Qd7 21. f4 f6 22. d4 exd4 23. Qxd4 Rxa4 24. Rxa4 Qxa4 25.
Kh2 b5 26. Rb1 bxc4 27. Bxc4 Rc8 28. Qd5 Qc2 29. Re1 Na4 30. Bd3 Qd2 31. Qf5
Rc3 32. e5 Rxd3 33. Qc8+ 1/2-1/2

[Event "Interzonal-15"]
[Site "Manila"]
[Date "1990.??.??"]
[Round "4"]
[White "Anand, Viswanathan"]
[Black "Rogers, Ian"]
[Result "1-0"]
[WhiteElo "2610"]
[BlackElo "2535"]
[Annotator "Anand,V"]
[PlyCount "71"]
[EventDate "1990.06.29"]
[EventType "swiss"]
[EventRounds "13"]
[EventCountry "PHI"]
[SourceTitle "CBM 019"]
[Source "ChessBase"]
[SourceDate "1990.12.01"]
[SourceVersion "1"]
[SourceVersionDate "1990.12.01"]
[SourceQuality "1"]

1. e4 e6 2. d4 d5 3. e5 b6 4. Bb5+ $5 (4. Nf3) 4... Bd7 (4... c6 5. Ba4 Ba6 6.
c3 $14) 5. Bd3 c5 6. c3 Nc6 7. Nf3 f6 8. O-O fxe5 9. dxe5 $6 (9. Nxe5 Nxe5 10.
dxe5 $14) 9... Qc7 10. Re1 Nh6 $1 (10... Nge7 $6 11. Na3 Nc8 $16 (11... a6 $2
12. Bxa6 $1 Rxa6 13. Nb5 $18)) 11. c4 d4 12. Na3 $6 (12. Bxh6 gxh6 13. Nbd2
O-O-O (13... Bg7 14. Qe2 O-O $2 15. Qe4 $18) 14. a3 $14) 12... a6 13. Be4 O-O-O
$8 (13... Nf7 $2 14. Ng5 $1 $16) (13... Be7 14. Bxh6 gxh6 15. b4 cxb4 16. Nb5
$1 $16) 14. Nc2 Nf7 15. Bf4 $6 (15. b4 cxb4 16. a3 $1 $44) 15... Be7 16. b4 g5
17. Bg3 g4 $2 (17... h5 $1 18. bxc5 bxc5 $1 (18... h4 19. cxb6 Qxb6 20. Rb1 $44
) 19. h3 Rdg8 $1 {/\ 20... g4 21. hg4 hg4 22. Nh2 Bh4!=/+}) 18. Nd2 Ncxe5 $6 (
18... h5 $13 {Rogers,I}) 19. a4 $1 (19. bxc5 Bxc5 20. Nb3 $14) 19... cxb4 (
19... a5 20. bxa5 bxa5 21. Rb1 $16 {->}) (19... d3 $142 $1 {Rogers} 20. Bxd3
Bc6 $13) 20. a5 $1 bxa5 21. Nxd4 $6 (21. c5 $1 Bb5 (21... Bxc5 22. Nc4 $18) 22.
Nb3 a4 23. Nxb4 $1 a5 (23... axb3 24. Nxa6 Bxa6 25. Rxa6 $16 {->}) 24. Nd3 Bxd3
25. Bxd3 axb3 26. Ba6+ Kd7 (26... Kb8 27. Rxe5 $1 $18) 27. Bb5+ Kc8 28. Qxb3
$16 {->}) 21... Bc5 $1 22. N4b3 $1 a4 23. Nxc5 Qxc5 24. Bc2 a5 $2 (24... a3 25.
Ne4 Qc7 26. c5 Bc6 27. Nd6+ Nxd6 28. cxd6 Rxd6 29. Qe2 $18) (24... b3 25. Bxb3
(25. Ne4 $6 Qb4 $13) 25... axb3 26. Nxb3 $1 (26. Qxb3 Bc6) 26... Qxc4 $1 $8 (
26... Qc7 27. Rxa6 Bc6 28. Qa1 Bb7 29. Ra5 $16 {->}) 27. Bxe5 (27. Rc1 Bc6) (
27. Qb1 $5) 27... Nxe5 28. Rxe5 Ba4 29. Qe1 Qxb3 (29... Bxb3 30. Rc1 Bc2 31.
Re2 $1) 30. Rc5+ Kd7 31. Rb1 Qa2 $1 $8 {><e6} 32. Ra5 Qc2 $1 (32... Ke8 $2 33.
Rxa4 $1 $18) (32... Ke7 33. Qb4+ $18) (32... Rb8 33. Ra1 $16) 33. Rxa6 $16 {->}
) 25. Ne4 Qc7 26. Bxa4 Bc6 27. Qc2 Bb7 28. c5 $18 Rd5 (28... Kb8 29. Ng5 $18)
29. Bb3 Rhd8 30. Rac1 $1 (30. Bxd5 Rxd5 31. Rac1 Qc6 $16) 30... Qc6 31. Ba4 Qc7
32. Nd6+ R8xd6 33. cxd6 Qxc2 34. Rxc2+ Kb8 35. Bb3 Rxd6 36. Rxe5 $1 (36. Rxe5
Rd1+ 37. Re1+) 1-0